Normal view
MARC view
- CAD-CAM-CONCEPTS AND APPLICATIONS
Entry Topical Term
001 - CONTROL NUMBER
- control field: 64220
003 - CONTROL NUMBER IDENTIFIER
- control field: NUST
005 - DATE AND TIME OF LATEST TRANSACTION
- control field: 20210628203236.0
008 - FIXED-LENGTH DATA ELEMENTS
- fixed length control field: 210628|| aca||aabn | a|a d
040 ## - CATALOGING SOURCE
- Original cataloging agency: NUST
- Transcribing agency: NUST
150 ## - HEADING--TOPICAL TERM
- Topical term or geographic name entry element: CAD-CAM-CONCEPTS AND APPLICATIONS
670 ## - SOURCE DATA FOUND
- Source citation: Work cat.: (NUST): Alavala, Chennakesava.R 64219, Cad/cam, concepts and applications, 2008
